000 00712nam a22002297a 4500
003 0
005 20160609165258.0
008 100113t xxu||||| |||| 00| 0 eng d
037 _aM15458
_bBIBLIO
040 _aBUAC
_bF
_cBEPAC
082 _a26.ABM/CHA
100 _aChabi , Sime Nazila
_92820
130 _lfr
_910831
245 _aDétermination du type de prélèvement urinaire de cellularité convenable en cytopathologie
260 _aUAC-EPAC
_bUAC-EPAC
_c2006-2007
300 _aI-67p
_c29cm
500 _aMEM ECOLE POLYTECHNIQUE D'ABOMEY CALAVI (UAC) 2007
650 _aURINE CELLULARITE
_92821
650 _aCYTOPATHOLOGIE
_92821
700 _aOumbouke , Achille Welbeck
_92822
942 _cTHE
999 _c46725
_d46725